000 00418nam a2200181Ia 4500
001 1527
005 20260306143735.0
008 260306t2007||||xx |||||||||||||| ||spa||
041 _aESP
082 _a150.724
_bS47
100 _aShaughnessy, John J.
_eAUT
245 0 _aMétodos de investigación en psicología
260 _c2007
300 _a
_c
650 _aGEN
654 _aCPS
942 _cLIB
_dJUS
_fJUS
_2ddc
_n
999 _c1527
_d1527